Is Remanufacturing a Right Step for the Solution of the World's Ecological Problems?
Rozdiel medzi výrobou a repasovaním. Proces opätovnej výroby v automobilovom sektore. Hodnotenie ekologických aspektov na príkladoch štartéra a alternátora.
Gespeichert in:
| 1. Verfasser: | |
|---|---|
| Weitere Verfasser: | , |
| Format: | Buchkapitel |
| Sprache: | Englisch |
| Schlagworte: | |
| Tags: |
Keine Tags, Fügen Sie das erste Tag hinzu!
|
MARC
| LEADER | 00000naa$a2200000$$$4500 | ||
|---|---|---|---|
| 001 | 0248545 | ||
| 005 | 20240502073957.5 | ||
| 041 | 0 | |a eng | |
| 044 | |a SK | ||
| 245 | 1 | 0 | |a Is Remanufacturing a Right Step for the Solution of the World's Ecological Problems? |c Ahmet Toptas, Ludomir Slahor, Maria Bartekova |
| 520 | |a Rozdiel medzi výrobou a repasovaním. Proces opätovnej výroby v automobilovom sektore. Hodnotenie ekologických aspektov na príkladoch štartéra a alternátora. | ||
| 610 | 2 | 0 | |a priemysel automobilový |
| 610 | 2 | 0 | |a stratégia podniková |
| 610 | 2 | 0 | |a riadenie výroby |
| 610 | 2 | 0 | |a výroba |
| 610 | 2 | 0 | |a ekológia |
| 610 | 2 | 0 | |a prostredie životné |
| 610 | 2 | 0 | |a rozvoj trvalo udržateľný |
| 610 | 2 | 0 | |a zodpovednosť spoločenská |
| 610 | 2 | 0 | |a podnik |
| 100 | 1 | |a Toptas, Ahmet | |
| 700 | 1 | |a Šlahor, Ľudomír | |
| 700 | 1 | |a Barteková, Mária, 1992- | |